000 00681nam a2200289Ia 4500
005 20260324130745.0
008 008 260324s9999 xx 000 0 eng d
020 _a9780080948973
037 _aEBOOK
040 _aCRL
040 _beng
040 _cCRL
041 _2eng
041 _aeng
084 _qCRL
100 _aJohn Jackman
_91182980
245 0 _aBluescreen Compositing
245 2 _bA Practical Guide for Video & Moviemaking
260 _bTaylor and Francis
260 _c2007
365 _a
365 _b300
856 _uhttp://www.taylorfrancis.com/books/9780080948973
942 _cEBOOK
999 _c1779441
_d1779441